Lettres paires dans l'alphabet - Mort subite - Statistiques

Statistiques générales
  • Ce quiz a été pris 138 fois
  • Le résultat moyen est 10 sur 13
Answers on the Grid
Answers color-coded by a green-red scale on the quiz's grid according to % correct below.
B
P
F
G
H
A
C
J
O
L
D
V
M
Z
N
K
W
R
Y
S
I
T
U
Q
E
X
 
Statistiques - réponses
Réponse % Correct
D
89%
B
87%
F
87%
H
86%
J
83%
L
82%
P
79%
N
77%
R
77%
T
77%
V
73%
Z
70%
X
69%
Aucun quiz correspondant
Distribution des résultats
% des personnes avec chaque résultat
Percentile par nombre de réponses
Votre historique - résultats
Vous n’avez pas pris ce quiz